Las ruinas de la parroquia : un sueno roto (Registro nro. 9562)

Detalles MARC
000 -CABECERA
campo de control de longitud fija 01041nam a22003497a 4500
005 - FECHA Y HORA DE ACTUALIZACIÓN
campo de control 20170614114350.0
008 - LONGITUD FIJA
campo de control de longitud fija 170614b xxu||||| |||| 00| 0 spa d
020 ## - INTERNATIONAL STANDARD BOOK NUMBER
Número Internacional Estándar del Libro 9977993858
041 ## - IDIOMA
Código de idioma del texto/pista de sonido o título separado
082 ## - CLASIFICACIÓN DECIMAL DEWEY
Número de clasificación 972.862 C845r
100 ## - AUTOR PERSONAL
Nombre de persona Coto Monge, Rogelio
245 ## - TÍTULO PROPIAMENTE DICHO
Título Las ruinas de la parroquia : un sueno roto
260 ## - PIE DE IMPRENTA
Lugar de publicación, distribución, etc. Costa Rica
260 ## - PIE DE IMPRENTA
Nombre del editor, distribuidor, etc. Editorial Cultural Cartaginesa
260 ## - PIE DE IMPRENTA
Fecha de publicación, distribución, etc. 1993
300 ## - DESCRIPCIÓN FÍSICA
Extensión 166 páginas
650 ## - Materia General
Materia general COSTA RICA
650 ## - Materia General
Materia general HISTORIA
650 ## - Materia General
Materia general CARTAGO
650 ## - Materia General
Materia general LA PARROQUIA DEL APÓSTOL SANTIAGO
650 ## - Materia General
Materia general EL CEMENTERIO DE LOS ANCESTROS
650 ## - Materia General
Materia general CAÑA DE AZUCAR
650 ## - Materia General
Materia general TRADICIONES
650 ## - Materia General
Materia general LEYENDAS
650 ## - Materia General
Materia general EL PADRE SIN CABEZA
650 ## - Materia General
Materia general LA APARICIÓN DE LA VIRGEN
650 ## - Materia General
Materia general PROCESIÓN DE LA PASADA
650 ## - Materia General
Materia general PÉRDIDA DE LA CAPITAL 1823
650 ## - Materia General
Materia general TERREMOTO DE 1841
650 ## - Materia General
Materia general TERREMOTO DE 1910
942 ## - Punto de Acceso Adicional Koha
Tipo de ítem Koha Libro
Existencias
Estado perdido Estado dañado No para préstamo Biblioteca permanente Biblioteca actual Signatura completa Código de barras Precio efectivo a partir del Tipo de ítem
      Departamento de Biblioteca y Documentación Alfonso Chase Brenes Departamento de Biblioteca y Documentación Alfonso Chase Brenes 972.862 C845r 5575 14/06/2017 Libro
      Departamento de Biblioteca y Documentación Alfonso Chase Brenes Departamento de Biblioteca y Documentación Alfonso Chase Brenes 972.862 C845r 2389 14/06/2017 Libro